000 00584nam a22001697a 4500
005 20251108164058.0
008 250721s1993 xx 000 0 ara d
082 1 4 _a216,911/حسي
100 1 _aمؤنس، حسين
245 1 0 _aدستور أمة الإسلام :
_bدراسة في أصول الحكم و طبيعته و غايته عند المسلمين /
264 1 _aالقاهرة :
_bدار الرشاد،
_c1993.
300 _a158ص
650 1 7 _aالأحكام السلطانية
650 1 7 _aنظام الحكم في الإسلام
942 _2ddc
_cBK
999 _c3056
_d3056